00501 2200193 4500001002100000005001500021035002000036245007300056100001300129250000600142300003100148700002000179260003100199082000800230084001400238020001800252650002000270990001700290INLIS00000000000042420181024043647 a0010-10180001141 aBuah Kejujuran :bDikira Penipu /cNursisto; Editor, Asep Mahdi,S.S.0 aNursisto a- a24 hlm. :bilus. ;c25 cm.0 aAsep Mahdi,S.S. aBogor :bYudhistira,c2004 a813 a813 NUR b a979-746-284-6 aFiksi Indonesia a01549/P/2018